[Event "TCh-FRA Top 12 2011"]
[Site "Mulhouse FRA"]
[Date "2011.06.01"]
[Round "7"]
[White "Dumitrache, Dragos-Nicolae"]
[Black "Vaisser, Anatoly"]
[Result "1/2-1/2"]
[WhiteTitle "IM"]
[BlackTitle "GM"]
[WhiteElo "2445"]
[BlackElo "2533"]
[WhiteTeam "Echiquier Guingampais"]
[BlackTeam "C.E. Strasbourg"]
[WhiteFideId "1200437"]
[BlackFideId "603252"]
[EventDate "2011.05.26"]

1. d4 Nf6 2. Nf3 c5 3. e3 e6 4. Bd3 d5 5. b3 Nc6 6. O-O Qc7 7. c4 Be7 8. Nc3 O-O
9. Bb2 cxd4 10. exd4 Rd8 11. cxd5 exd5 12. h3 a6 13. Rc1 Bd6 14. Re1 Bf4 1/2-1/2

[Event "TCh-FRA Top 12 2011"]
[Site "Mulhouse FRA"]
[Date "2011.06.01"]
[Round "7"]
[White "Roos, Daniel"]
[Black "Le Roux, Jean-Pierre"]
[Result "1/2-1/2"]
[WhiteTitle "IM"]
[BlackTitle "GM"]
[WhiteElo "2389"]
[BlackElo "2523"]
[WhiteTeam "C.E. Strasbourg"]
[BlackTeam "Echiquier Guingampais"]
[WhiteFideId "600253"]
[BlackFideId "609404"]
[EventDate "2011.05.26"]

1. e4 e5 2. Nf3 Nc6 3. Bc4 Nf6 4. d3 Bc5 5. O-O d6 6. c3 Bb6 7. Nbd2 O-O 8. Bb3
Ne7 9. Nc4 Ng6 10. h3 h6 11. a4 c6 12. Nxb6 axb6 13. Kh2 b5 14. Be3 bxa4 15.
Rxa4 Rxa4 16. Bxa4 d5 17. Bc2 Qc7 18. Ng1 Be6 19. Qa1 c5 20. Qa7 Nd7 21. g3 d4
22. Bd2 f5 23. exf5 Bxf5 24. c4 Be6 25. b3 Ne7 26. Qa1 Nc6 27. Bd1 Bf5 28. Qb1
Nb4 29. Be2 Nf6 30. Bxb4 cxb4 31. Bf3 Nd7 32. Bg4 Bxg4 33. hxg4 Nc5 34. Qd1 Qc6
35. Qe2 Nxb3 36. Rb1 Nc5 37. Nh3 b3 38. Qxe5 Nxd3 39. Qxd4 Nc5 40. Nf4 Re8 41.
Nh5 Ne6 42. Qc3 Qe4 43. Rxb3 Qxg4 44. Qf3 Qxf3 45. Rxf3 Rc8 46. Rb3 Rc7 47. Kg2
Kf7 48. Nf4 Nxf4+ 49. gxf4 Ke6 50. Rb6+ Kd7 51. Kf3 Kc8 52. Rg6 Rxc4 53. Rxg7
Rc7 54. Rg8+ Kd7 55. Rh8 Rc6 56. Rh7+ Kc8 57. Ke4 b5 58. Kd5 Rc2 59. Rxh6 Rxf2
60. Kc6 Kd8 1/2-1/2

[Event "TCh-FRA Top 12 2011"]
[Site "Mulhouse FRA"]
[Date "2011.06.01"]
[Round "7"]
[White "Terrieux, Kevin"]
[Black "Reinhart, Emmanuel"]
[Result "1/2-1/2"]
[WhiteTitle "IM"]
[BlackTitle "FM"]
[WhiteElo "2434"]
[BlackElo "2357"]
[WhiteTeam "Echiquier Guingampais"]
[BlackTeam "C.E. Strasbourg"]
[WhiteFideId "622591"]
[BlackFideId "619400"]
[EventDate "2011.05.26"]

1. e4 c6 2. d4 d5 3. Nc3 dxe4 4. Nxe4 Bf5 5. Ng3 Bg6 6. Nf3 Nd7 7. h4 h6 8. h5
Bh7 9. Bd3 Bxd3 10. Qxd3 e6 11. Bd2 Ngf6 12. O-O-O Bd6 13. Ne4 Nxe4 14. Qxe4 Nf6
15. Qe2 Qe7 16. Kb1 O-O-O 17. c4 Rhe8 18. Ba5 Rd7 19. Ne5 Bxe5 20. dxe5 Rxd1+
21. Rxd1 Nd7 22. Qe3 b6 23. Bc3 Nb8 24. Rd4 Rd8 25. Rg4 Rg8 26. Qg3 g6 27. f4
Qe8 28. b4 b5 29. cxb5 cxb5 30. Bd4 Qd7 31. Qc3+ Nc6 32. hxg6 Rxg6 33. Rxg6 fxg6
34. Qc2 Qd5 35. Bxa7 g5 36. g3 gxf4 37. gxf4 h5 38. Bc5 h4 39. a4 bxa4 40. b5
Na5 41. Qxa4 Qd3+ 42. Ka2 Qd5+ 1/2-1/2

[Event "TCh-FRA Top 12 2011"]
[Site "Mulhouse FRA"]
[Date "2011.06.01"]
[Round "7"]
[White "Roos, Louis"]
[Black "Le Goff, Damien"]
[Result "1-0"]
[WhiteTitle "IM"]
[WhiteElo "2359"]
[BlackElo "2271"]
[WhiteTeam "C.E. Strasbourg"]
[BlackTeam "Echiquier Guingampais"]
[WhiteFideId "600288"]
[BlackFideId "634808"]
[EventDate "2011.05.26"]

1. d4 d5 2. c4 e5 3. e3 exd4 4. exd4 Nf6 5. Nf3 Nbd7 6. Nc3 Be7 7. Be3 dxc4 8.
Bxc4 O-O 9. O-O Nb6 10. Bb3 Bg4 11. h3 Bh5 12. g4 Bg6 13. Ne5 Nfd5 14. Qf3 c6
15. a4 a5 16. Rac1 Qd6 17. Rfe1 Rad8 18. Bd2 Nb4 19. Bf4 Qf6 20. Nxg6 hxg6 21.
Ne4 Qxd4 22. Be3 Qxb2 23. Rb1 Qa3 24. Bxb6 Rd3 25. Re3 Rxe3 26. Qxe3 Nd5 27.
Bxd5 Qxe3 28. Bxe3 cxd5 29. Rxb7 Bb4 30. Ng5 f6 31. Ne6 Re8 32. Nd4 Re4 33. Rd7
f5 34. gxf5 gxf5 35. Nxf5 Bc3 36. Ne7+ Kh7 37. Nxd5 Ba1 38. Nb6 Rb4 39. Rd5 Bc3
40. Kg2 Rb1 41. h4 Re1 42. h5 Rb1 43. Kf3 1-0

[Event "TCh-FRA Top 12 2011"]
[Site "Mulhouse FRA"]
[Date "2011.06.01"]
[Round "7"]
[White "Le Diouron, Aurelie"]
[Black "Nicoara, Malina"]
[Result "0-1"]
[BlackTitle "WIM"]
[WhiteElo "1981"]
[BlackElo "2104"]
[WhiteTeam "Echiquier Guingampais"]
[BlackTeam "C.E. Strasbourg"]
[WhiteFideId "637432"]
[BlackFideId "604631"]
[EventDate "2011.05.26"]

1. d4 Nf6 2. Nc3 d5 3. e4 dxe4 4. f3 e3 5. Bxe3 e6 6. a3 c6 7. Qd2 Be7 8. O-O-O
Nbd7 9. g4 b5 10. g5 Nd5 11. Nxd5 exd5 12. Re1 Nb6 13. g6 hxg6 14. Bg5 f6 15.
Bf4 a5 16. Bd3 Bf5 17. Qg2 Bxd3 18. cxd3 Kf7 19. Nh3 Qd7 20. Rhg1 Qf5 21. Bc7
Rxh3 22. Bxb6 Rxf3 23. Re2 Bd6 24. Rge1 Qxd3 0-1

[Event "TCh-FRA Top 12 2011"]
[Site "Mulhouse FRA"]
[Date "2011.06.01"]
[Round "7"]
[White "Nataf, Igor-Alexandre"]
[Black "Tregubov, Pavel V."]
[Result "1/2-1/2"]
[WhiteTitle "GM"]
[BlackTitle "GM"]
[WhiteElo "2541"]
[BlackElo "2607"]
[WhiteTeam "Evry Grand Roque"]
[BlackTeam "Clichy-Echecs-92"]
[WhiteFideId "605492"]
[BlackFideId "4115341"]
[EventDate "2011.05.26"]

1. e4 c5 2. Nf3 e6 3. Nc3 Nc6 4. Bb5 d6 5. O-O Bd7 6. Re1 Nf6 7. Bxc6 Bxc6 8. d4
cxd4 9. Nxd4 Be7 10. Nxc6 bxc6 11. b3 O-O 12. Bb2 d5 13. e5 Nd7 14. Na4 Nb6 15.
Qg4 Nxa4 16. Qxa4 Qb6 17. Qg4 Qb4 18. Qe2 a5 19. a4 Rfc8 20. Ba3 Qb7 21. Bxe7
Qxe7 22. Rad1 Rab8 23. Rd4 c5 24. Rg4 g6 25. h4 Rb4 26. Rxb4 cxb4 27. g3 Rc3 28.
Qd2 Qc5 29. Qg5 Rxc2 30. Qd8+ Kg7 31. Qf6+ Kg8 32. Qd8+ Kg7 33. Qf6+ Kg8 1/2-1/2

[Event "TCh-FRA Top 12 2011"]
[Site "Mulhouse FRA"]
[Date "2011.06.01"]
[Round "7"]
[White "Fressinet, Laurent"]
[Black "Dorfman, Iossif"]
[Result "1-0"]
[WhiteTitle "GM"]
[BlackTitle "GM"]
[WhiteElo "2677"]
[BlackElo "2585"]
[WhiteTeam "Clichy-Echecs-92"]
[BlackTeam "Evry Grand Roque"]
[WhiteFideId "608742"]
[BlackFideId "604011"]
[EventDate "2011.05.26"]

1. e4 e5 2. Nf3 Nc6 3. Bc4 Bc5 4. c3 Nf6 5. b4 Be7 6. d3 O-O 7. Nbd2 d6 8. O-O
a6 9. Bb3 Be6 10. Re1 Bxb3 11. Qxb3 a5 12. Bb2 b5 13. a3 Qd7 14. Rac1 Rfb8 15.
Qc2 Nd8 16. Nb3 a4 17. Nbd2 Rc8 18. c4 c5 19. bxc5 Rxc5 20. d4 exd4 21. Bxd4
Rcc8 22. Qd3 bxc4 23. Nxc4 Qb5 24. e5 dxe5 25. Rxe5 Bc5 26. Rb1 Qd7 27. Rxc5
Rxc5 28. Nb6 1-0

[Event "TCh-FRA Top 12 2011"]
[Site "Mulhouse FRA"]
[Date "2011.06.01"]
[Round "7"]
[White "Magem Badals, Jordi"]
[Black "Renet, Olivier"]
[Result "1-0"]
[WhiteTitle "GM"]
[BlackTitle "GM"]
[WhiteElo "2569"]
[BlackElo "2497"]
[WhiteTeam "A.J.E. Noyon"]
[BlackTeam "C.E. de Rueil Malmaison"]
[WhiteFideId "2200074"]
[BlackFideId "600040"]
[EventDate "2011.05.26"]

1. e4 d6 2. d4 Nf6 3. Nc3 g6 4. Bg5 Bg7 5. e5 Ng8 6. f4 Nh6 7. Qd2 f6 8. exf6
exf6 9. Bxh6 Bxh6 10. O-O-O d5 11. Re1+ Kf8 12. h4 Nc6 13. g3 Ne7 14. Nf3 c6 15.
h5 Bd7 16. Kb1 Nc8 17. Bd3 Kg7 18. hxg6 hxg6 19. Nh4 Be8 20. Qe2 Qd7 21. g4 Bxf4
22. Nf5+ gxf5 23. Bxf5 Rxh1 24. Rxh1 Qd8 25. Rh7+ 1-0

[Event "TCh-FRA Top 12 2011"]
[Site "Mulhouse FRA"]
[Date "2011.06.01"]
[Round "7"]
[White "Williams, Simon K"]
[Black "Marcelin, Cyril"]
[Result "1-0"]
[WhiteTitle "GM"]
[BlackTitle "GM"]
[WhiteElo "2520"]
[BlackElo "2482"]
[WhiteTeam "C.E. de Rueil Malmaison"]
[BlackTeam "A.J.E. Noyon"]
[WhiteFideId "404454"]
[BlackFideId "607274"]
[EventDate "2011.05.26"]

1. d4 d5 2. c4 c6 3. Nc3 Nf6 4. Nf3 Qb6 5. g3 dxc4 6. Bg2 g6 7. Ne5 Bg7 8. Nxc4
Qa6 9. Ne5 O-O 10. O-O Rd8 11. e3 Be6 12. b4 Nbd7 13. f4 Nxe5 14. fxe5 Nd5 15.
Ne4 Nxb4 16. Nc5 Qc4 17. Bd2 Nd5 18. Rc1 Qxa2 19. Rf2 Bh6 20. Ra1 Qb2 21. Na4
Nxe3 22. Nxb2 Nxd1 23. Nxd1 Bxd2 24. Rxd2 a5 25. Nc3 Ra7 26. Kf2 b5 27. Ke3 Rc8
28. d5 cxd5 29. Nxb5 Ra6 30. Nd4 a4 31. Bf1 Ra5 32. Nxe6 fxe6 33. Rda2 Rc3+ 34.
Kd4 Rf3 35. Be2 Rb3 36. Rxa4 Rxa4+ 37. Rxa4 Rb2 38. Ke3 Kf7 39. h4 h6 40. Bd3
Rb8 41. Rf4+ Ke8 1-0

[Event "TCh-FRA Top 12 2011"]
[Site "Mulhouse FRA"]
[Date "2011.06.01"]
[Round "7"]
[White "Kovchan, Alexander"]
[Black "Debray, Christopher"]
[Result "1-0"]
[WhiteTitle "GM"]
[BlackTitle "FM"]
[WhiteElo "2558"]
[BlackElo "2376"]
[WhiteTeam "A.J.E. Noyon"]
[BlackTeam "C.E. de Rueil Malmaison"]
[WhiteFideId "14103052"]
[BlackFideId "630810"]
[EventDate "2011.05.26"]

1. e4 c6 2. d4 d5 3. e5 c5 4. dxc5 e6 5. Nf3 Bxc5 6. a3 a5 7. Nc3 f5 8. h4 Ne7
9. h5 h6 10. Nb5 Qb6 11. Qd2 a4 12. Bd3 Bd7 13. Qe2 O-O 14. O-O Be8 15. Nh4 f4
16. Ng6 Nxg6 17. hxg6 Nc6 18. Qh5 Ne7 19. Nc3 Nc6 20. Ne2 f3 21. gxf3 Nd4 22.
Nxd4 Bxd4 23. c3 Bc5 24. Qg4 Bb5 25. Bxb5 Qxb5 26. Qxe6+ Kh8 27. Qh3 Qd3 28.
Bxh6 Qxg6+ 29. Bg5+ Kg8 30. Qg3 d4 31. f4 dxc3 32. bxc3 Rad8 33. Rad1 Rxd1 34.
Rxd1 Bxa3 35. Qg2 Qh5 36. Qd5+ Kh8 37. Rd3 Bc1 38. Kg2 Qf7 39. e6 1-0

[Event "TCh-FRA Top 12 2011"]
[Site "Mulhouse FRA"]
[Date "2011.06.01"]
[Round "7"]
[White "Nguyen, Chi-Minh"]
[Black "Dubessay, Bastien"]
[Result "1-0"]
[WhiteTitle "IM"]
[BlackTitle "FM"]
[WhiteElo "2381"]
[BlackElo "2325"]
[WhiteTeam "A.J.E. Noyon"]
[BlackTeam "C.E. de Rueil Malmaison"]
[WhiteFideId "608661"]
[BlackFideId "650048"]
[EventDate "2011.05.26"]

1. d4 Nf6 2. c4 g6 3. Nc3 d5 4. Bg5 Ne4 5. Bh4 Nxc3 6. bxc3 dxc4 7. e3 Be6 8.
Nf3 Bg7 9. Be2 O-O 10. O-O c5 11. Rb1 cxd4 12. Nxd4 Bd5 13. Qc2 Qd7 14. Rfd1
Bxd4 15. Rxd4 Nc6 16. Rdd1 Qe6 17. Rxb7 Nd4 18. Rxd4 Bxb7 19. Bxc4 Qc6 20. Bd5
Qc7 21. Bg3 Qb6 22. Rb4 Bxd5 23. Rxb6 axb6 24. h4 Bxa2 25. Qe4 Rfe8 26. h5 Rac8
27. Qb4 f6 28. Qxb6 Bf7 29. Bc7 gxh5 30. e4 Kg7 31. e5 Be6 32. Qxe6 Rxc7 33.
exf6+ Kf8 34. Qe5 Rec8 35. fxe7+ Ke8 36. f4 Rxe7 37. Qxh5+ Rf7 38. Qe5+ Re7 39.
Qb5+ Rd7 40. Qe5+ Re7 41. Qb5+ Rd7 42. f5 Rc7 43. Qe5+ Re7 44. Qh8+ Kd7 45. Qd4+
Kc6 46. f6 Red7 47. Qe4+ Kc5 48. Qe6 Kb5 49. Kh2 Kc5 50. Kg3 Kb5 51. Kf2 Rd2+
52. Ke3 Rdd7 53. Ke2 Rb7 54. Qe4 Kc5 55. Ke3 Rd5 56. Qe6 Rdd7 57. Kf3 Rd3+ 58.
Ke4 Rdd7 59. Qg8 Kc6 60. Qc4+ Kb6 61. Ke5 Rdc7 62. Qd4+ Kb5 63. Qb4+ Ka6 64.
Qa4+ Kb6 65. Kd6 Ra7 66. Qb4+ Ka6 67. c4 Rab7 68. Qa3+ Kb6 69. c5+ Kb5 70. Qd3+
Ka5 71. c6 Ra7 72. Qa3+ Kb5 73. Qb3+ Ka5 74. Kc5 1-0

[Event "TCh-FRA Top 12 2011"]
[Site "Mulhouse FRA"]
[Date "2011.06.01"]
[Round "7"]
[White "Song, Julien"]
[Black "Clery, Nicolas"]
[Result "0-1"]
[WhiteTitle "FM"]
[BlackTitle "IM"]
[WhiteElo "2325"]
[BlackElo "2396"]
[WhiteTeam "C.E. de Rueil Malmaison"]
[BlackTeam "A.J.E. Noyon"]
[WhiteFideId "659487"]
[BlackFideId "614904"]
[EventDate "2011.05.26"]

1. d4 d5 2. Nf3 Nf6 3. c4 e6 4. Bg5 Be7 5. Nc3 h6 6. Bxf6 Bxf6 7. e3 O-O 8. Qd2
dxc4 9. Bxc4 Nd7 10. O-O c5 11. Rfd1 cxd4 12. Nxd4 Nb6 13. Be2 Bd7 14. Bf3 Rb8
15. Ndb5 Bxb5 16. Nxb5 Qxd2 17. Rxd2 a5 18. Nd6 Na4 19. Nxb7 Nxb2 20. Rc1 Rfc8
21. Rdc2 Rxc2 22. Rxc2 Nd3 23. Be4 Nb4 24. Rc5 a4 25. Ra5 Nxa2 26. Nc5 Nc3 27.
Bc2 Bd8 28. Ra6 Rc8 29. Nb7 Be7 30. Kf1 a3 31. Na5 g6 32. Bb3 Rb8 33. g3 Bf8 34.
Bc4 a2 35. Nb3 Rb4 0-1

[Event "TCh-FRA Top 12 2011"]
[Site "Mulhouse FRA"]
[Date "2011.06.01"]
[Round "7"]
[White "Assad, Karine"]
[Black "Wilson, Alexandra"]
[Result "0-1"]
[WhiteTitle "WFM"]
[BlackTitle "WFM"]
[WhiteElo "2022"]
[BlackElo "2021"]
[WhiteTeam "A.J.E. Noyon"]
[BlackTeam "C.E. de Rueil Malmaison"]
[WhiteFideId "623067"]
[BlackFideId "411000"]
[EventDate "2011.05.26"]

1. d4 e6 2. c4 b6 3. e4 Bb7 4. Qc2 Nc6 5. Nf3 Bb4+ 6. Nbd2 f5 7. exf5 exf5 8. d5
Qe7+ 9. Be2 Ne5 10. Nxe5 Qxe5 11. a3 Bd6 12. Nf3 Qe4 13. Qc3 Nf6 14. O-O O-O 15.
Bd3 Qg4 16. Ne5 Qh5 17. f4 Rae8 18. Re1 Bc5+ 19. Be3 Rxe5 20. Bxc5 Rxe1+ 21.
Rxe1 bxc5 0-1

[Event "TCh-FRA Top 12 2011"]
[Site "Mulhouse FRA"]
[Date "2011.06.02"]
[Round "8"]
[White "Cornette, Matthieu"]
[Black "Housieaux, David"]
[Result "1/2-1/2"]
[WhiteTitle "GM"]
[BlackTitle "IM"]
[WhiteElo "2562"]
[BlackElo "2436"]
[WhiteTeam "Echiquier Guingampais"]
[BlackTeam "A.J.E. Noyon"]
[WhiteFideId "620084"]
[BlackFideId "617938"]
[EventDate "2011.05.26"]

1. e4 e6 2. d4 d5 3. Nc3 Bb4 4. e5 c5 5. a3 Bxc3+ 6. bxc3 Ne7 7. Qg4 Qa5 8. Bd2
Kf8 9. Qd1 Nbc6 10. Nf3 Qa4 11. Qb1 c4 12. h4 h6 13. g3 Ke8 14. Bh3 Kd8 15. O-O
Bd7 16. Ne1 Kc7 17. Ng2 Rag8 18. Ne3 Nd8 19. Kh2 h5 20. Qe1 Qa6 21. Ng2 Ba4 22.
Bg5 Ndc6 23. Qe2 Qa5 24. Qd2 Re8 25. Rfe1 Kb8 26. Re3 Qc7 27. Nf4 Ng8 28. Qe2 g6
29. Nxd5 exd5 30. e6 fxe6 31. Rxe6 Rxe6 32. Qxe6 Ka8 33. Qe8+ Qb8 34. Bc8 Bxc2
35. Bf4 Nge7 36. Bxb7+ Kxb7 37. Qd7+ Ka8 38. Bxb8 Rxb8 39. Re1 Be4 40. f3 Bxf3
41. Rxe7 Nxe7 42. Qxe7 Be4 43. Kg1 a6 44. a4 Rb3 45. a5 Rxc3 46. Qd8+ Kb7 47.
Qb6+ Ka8 48. Qxa6+ Kb8 49. Qb6+ Ka8 50. Qa6+ 1/2-1/2

[Event "TCh-FRA Top 12 2011"]
[Site "Mulhouse FRA"]
[Date "2011.06.02"]
[Round "8"]
[White "Bailet, Pierre"]
[Black "Aguettaz, Maxime"]
[Result "1/2-1/2"]
[WhiteTitle "FM"]
[BlackTitle "IM"]
[WhiteElo "2429"]
[BlackElo "2417"]
[WhiteTeam "Echiquier Guingampais"]
[BlackTeam "A.J.E. Noyon"]
[WhiteFideId "655830"]
[BlackFideId "617636"]
[EventDate "2011.05.26"]

1. e4 c5 2. Nf3 e6 3. d4 cxd4 4. Nxd4 Nf6 5. Nc3 Nc6 6. Ndb5 d6 7. Bf4 e5 8. Bg5
a6 9. Na3 b5 10. Nd5 Be7 11. Bxf6 Bxf6 12. c4 Nd4 13. cxb5 Be6 14. Bc4 Qa5+ 15.
Qd2 axb5 16. Bxb5+ Kd8 17. Nc3 Ke7 18. O-O Rhc8 19. Bd3 h6 20. Nc2 Bg5 21. Qd1
Rab8 22. Nxd4 exd4 23. Nd5+ Bxd5 24. exd5 Rxb2 25. Qg4 Rcb8 26. Qxd4 Kf8 27. Qe4
Bf6 28. Rab1 Qxa2 29. Rxb2 Rxb2 30. Qf5 Rb8 31. Qh7 g6 32. Qxh6+ Bg7 33. Qf4
Qxd5 34. Bxg6 Be5 35. Qh6+ Bg7 36. Qf4 Be5 37. Be4 Bxf4 38. Bxd5 Rc8 39. g3 Bd2
40. Kg2 Rc1 41. Rxc1 Bxc1 42. f4 Kg7 43. Kf3 Ba3 44. Ke4 f6 45. Kf5 Bc5 46. Kg4
Bd4 47. Be6 Bc5 48. h4 Bf2 49. Kh3 Be1 50. g4 Bd2 51. Kg3 Be1+ 52. Kh3 Bc3 53.
g5 Bd2 54. Kg4 1/2-1/2

[Event "TCh-FRA Top 12 2011"]
[Site "Mulhouse FRA"]
[Date "2011.06.02"]
[Round "8"]
[White "Clery, Nicolas"]
[Black "Terrieux, Kevin"]
[Result "1/2-1/2"]
[WhiteTitle "IM"]
[BlackTitle "IM"]
[WhiteElo "2396"]
[BlackElo "2434"]
[WhiteTeam "A.J.E. Noyon"]
[BlackTeam "Echiquier Guingampais"]
[WhiteFideId "614904"]
[BlackFideId "622591"]
[EventDate "2011.05.26"]

1. d4 Nf6 2. c4 e6 3. Nf3 b6 4. g3 Bb7 5. Bg2 Be7 6. O-O O-O 7. Nc3 Ne4 8. Nxe4
Bxe4 9. Bf4 d6 10. Qb3 Nd7 11. Rfd1 h6 12. Ne1 Bxg2 13. Nxg2 Qc8 14. Bd2 e5 15.
Bc3 Re8 16. Qc2 Bf8 17. d5 a5 18. e4 Nc5 19. Rf1 Qd7 20. Rae1 b5 21. cxb5 Qxb5
22. Re3 a4 23. Rfe1 Qc4 24. Qe2 Qxa2 25. Bxe5 Nxe4 26. Bd4 Qxd5 27. Rxe4 Rxe4
28. Qxe4 Qxe4 29. Rxe4 c5 30. Bc3 d5 31. Re1 d4 32. Bd2 c4 33. Ra1 a3 34. bxa3
c3 35. Bf4 d3 36. Ne1 d2 37. Nc2 g5 38. Be3 Rb8 39. Kf1 Rb2 40. Nd4 c2 41. Nxc2
Rxc2 42. Ke2 Bg7 43. Rb1 Ra2 44. Rb3 Bb2 45. g4 Be5 46. h3 f6 47. Rd3 Kf7 48.
Rxd2 Rxa3 49. Rd7+ Kg8 50. Rd6 Ra2+ 1/2-1/2

[Event "TCh-FRA Top 12 2011"]
[Site "Mulhouse FRA"]
[Date "2011.06.02"]
[Round "8"]
[White "Le Diouron, Aurelie"]
[Black "Assad, Karine"]
[Result "1/2-1/2"]
[BlackTitle "WFM"]
[WhiteElo "1981"]
[BlackElo "2022"]
[WhiteTeam "Echiquier Guingampais"]
[BlackTeam "A.J.E. Noyon"]
[WhiteFideId "637432"]
[BlackFideId "623067"]
[EventDate "2011.05.26"]

1. d4 Nf6 2. c4 e6 3. Nc3 Bb4 4. Qc2 b6 5. e4 Bb7 6. Bd3 Bxc3+ 7. bxc3 d6 8. Ne2
Nbd7 9. O-O Qe7 10. f4 e5 11. Ng3 g6 12. a4 a5 13. fxe5 dxe5 14. c5 bxc5 15. Rb1
Ba6 16. dxe5 Bxd3 17. Qxd3 Nxe5 18. Qb5+ Nfd7 19. Bh6 f6 20. Qb7 Kf7 21. Qxc7
Rhc8 22. Qb7 Rcb8 23. Qd5+ Qe6 24. Qd2 Qc6 25. Bf4 Kg7 26. Bh6+ Kf7 27. Bf4 Kg7
28. Bh6+ 1/2-1/2

[Event "TCh-FRA Top 12 2011"]
[Site "Mulhouse FRA"]
[Date "2011.06.02"]
[Round "8"]
[White "Vaisser, Anatoly"]
[Black "David, Alberto"]
[Result "1/2-1/2"]
[WhiteTitle "GM"]
[BlackTitle "GM"]
[WhiteElo "2533"]
[BlackElo "2593"]
[WhiteTeam "C.E. Strasbourg"]
[BlackTeam "Lutece Echecs"]
[WhiteFideId "603252"]
[BlackFideId "4000013"]
[EventDate "2011.05.26"]

1. d4 Nf6 2. c4 e6 3. Nc3 Bb4 4. e3 O-O 5. Bd3 c5 6. Nf3 d5 7. O-O Nc6 8. a3
Bxc3 9. bxc3 Qc7 10. h3 Na5 11. cxd5 exd5 12. dxc5 Qxc5 13. a4 Nc4 14. Bxc4 Qxc4
15. Qd4 Bf5 16. Qxc4 dxc4 17. Ba3 Rfe8 18. Bc5 Nd5 19. Bd4 f6 1/2-1/2

[Event "TCh-FRA Top 12 2011"]
[Site "Mulhouse FRA"]
[Date "2011.06.02"]
[Round "8"]
[White "Roos, Daniel"]
[Black "Shoker, Samy"]
[Result "0-1"]
[WhiteTitle "IM"]
[BlackTitle "IM"]
[WhiteElo "2389"]
[BlackElo "2466"]
[WhiteTeam "C.E. Strasbourg"]
[BlackTeam "Lutece Echecs"]
[WhiteFideId "600253"]
[BlackFideId "627143"]
[EventDate "2011.05.26"]

1. d4 g6 2. e4 d6 3. Bc4 Nf6 4. Qe2 Nc6 5. Nf3 Bg4 6. c3 e5 7. Bb5 Nd7 8. Nbd2
exd4 9. Bxc6 bxc6 10. cxd4 Bg7 11. h3 Bxf3 12. Nxf3 O-O 13. O-O Qb8 14. Be3 a5
15. Rac1 Qb7 16. Rc2 Rfe8 17. Nd2 Nf6 18. Qd3 Qa6 19. Qxa6 Rxa6 20. Rfc1 Nxe4
21. Rxc6 Rxc6 22. Rxc6 Nxd2 23. Bxd2 Bxd4 24. Bxa5 Re2 25. Bc3 Bb6 26. a4 Rc2
27. Rc4 d5 28. Rb4 Bxf2+ 29. Kf1 f5 30. a5 Kf7 31. Rb7 d4 32. Be1 Bxe1 33. Kxe1
Ke6 34. a6 Kd6 35. Rb4 Rc1+ 36. Kd2 Ra1 37. Rxd4+ Kc6 38. g4 fxg4 39. hxg4 Rxa6
40. Rf4 Ra2 41. Kc3 Ra1 42. Rf6+ Kd5 43. Rf7 Rh1 44. Kd2 c5 45. Ke3 h6 46. Rb7
Ke5 47. b4 Rh3+ 48. Ke2 c4 49. Rc7 Kd4 50. b5 Rg3 51. b6 Rxg4 52. Rc6 h5 53.
Rd6+ Kc3 54. b7 Rg2+ 55. Ke3 Rb2 56. Rd7 0-1

[Event "TCh-FRA Top 12 2011"]
[Site "Mulhouse FRA"]
[Date "2011.06.02"]
[Round "8"]
[White "San Emeterio Cabanes, Jose L."]
[Black "Roos, Jean-Luc"]
[Result "1-0"]
[WhiteTitle "FM"]
[BlackTitle "IM"]
[WhiteElo "2398"]
[BlackElo "2235"]
[WhiteTeam "Lutece Echecs"]
[BlackTeam "C.E. Strasbourg"]
[WhiteFideId "2223120"]
[BlackFideId "600601"]
[EventDate "2011.05.26"]

1. d4 e6 2. Nf3 d5 3. Bg5 Nf6 4. e3 Be7 5. Bd3 b6 6. c3 Ne4 7. Bxe7 Qxe7 8. Nbd2
Nxd2 9. Qxd2 Ba6 10. Bxa6 Nxa6 11. Qe2 Nb8 12. e4 Nd7 13. O-O dxe4 14. Qxe4 O-O
15. Rfe1 Nf6 16. Qb7 Qd6 17. Ne5 Nd5 18. Qc6 Rad8 19. Qc4 Ne7 20. a4 c6 21. g3
Rc8 22. Rad1 Nd5 23. Qe2 Rfe8 24. Qf3 Qc7 25. Re4 Rcd8 26. Rde1 c5 27. dxc5 bxc5
28. Rc4 f6 29. Ng4 Qe7 30. Ne3 Qd6 31. Re4 Nxe3 32. Qxe3 Kf7 33. Rc4 Rc8 34. h4
Qd5 35. Qe2 Rcd8 36. Re4 Re7 37. b4 cxb4 38. cxb4 g6 39. Qe3 Qa2 40. Qh6 Kg8 41.
h5 f5 42. R4e2 Qd5 43. hxg6 Rd6 44. Re5 Qb7 45. Rxf5 exf5 46. gxh7+ 1-0

[Event "TCh-FRA Top 12 2011"]
[Site "Mulhouse FRA"]
[Date "2011.06.02"]
[Round "8"]
[White "Nicoara, Malina"]
[Black "Babault, Patrice"]
[Result "1/2-1/2"]
[WhiteTitle "WIM"]
[BlackTitle "FM"]
[WhiteElo "2104"]
[BlackElo "2400"]
[WhiteTeam "C.E. Strasbourg"]
[BlackTeam "Lutece Echecs"]
[WhiteFideId "604631"]
[BlackFideId "623822"]
[EventDate "2011.05.26"]

1. d4 d5 2. c4 c6 3. Nf3 Nf6 4. e3 e6 5. Bd3 Nbd7 6. O-O Bd6 7. Nc3 O-O 8. e4
dxe4 9. Nxe4 Nxe4 10. Bxe4 Nf6 11. Bc2 h6 12. Qe2 b6 13. b3 Bb7 14. Bb2 Qe7 15.
Ne5 Rad8 16. Rad1 Rfe8 17. Bc3 Bb4 18. Bxb4 Qxb4 19. Qf3 Qd6 20. Rfe1 Qc7 21.
Qg3 c5 22. dxc5 Qxc5 23. Qf4 Qb4 24. h3 Ba8 25. Kh2 Qa3 26. Bb1 Qe7 27. Qe3 Rd6
28. f3 Red8 29. Bc2 Qc7 30. Kg1 Kf8 31. Kf2 Ke7 32. Kf1 Rxd1 33. Rxd1 Rxd1+ 34.
Bxd1 Qd6 35. Be2 g5 36. g4 Ne4 37. f4 Qd2 38. Qxd2 Nxd2+ 39. Ke1 Ne4 40. fxg5
hxg5 41. Bf3 f6 42. Nd3 Nc5 43. Nxc5 Bxf3 44. Nd3 Kd6 45. Kf2 Be4 46. Ke3 Bg2
47. Nf2 Kc5 48. Nd3+ Kc6 49. Nf2 Kc5 50. Nd3+ Kd6 51. Nf2 Ke7 52. Kd4 Kf7 53.
Ke3 f5 54. gxf5 exf5 55. a3 Kf6 56. b4 Ke5 57. Nd3+ Kd6 58. Nf2 Bf1 59. Kd4 Bg2
60. c5+ bxc5+ 61. bxc5+ Ke6 62. Kc4 Bf1+ 63. Kd4 a6 64. c6 Kd6 65. c7 Kxc7 66.
Ke5 g4 67. hxg4 fxg4 68. Nxg4 Kb6 69. Kd4 Kb5 70. Kc3 1/2-1/2

[Event "TCh-FRA Top 12 2011"]
[Site "Mulhouse FRA"]
[Date "2011.06.02"]
[Round "8"]
[White "Neiman, Emmanuel"]
[Black "Nataf, Igor-Alexandre"]
[Result "1/2-1/2"]
[WhiteTitle "FM"]
[BlackTitle "GM"]
[WhiteElo "2345"]
[BlackElo "2541"]
[WhiteTeam "Club d'Echecs Metz Fischer"]
[BlackTeam "Evry Grand Roque"]
[WhiteFideId "601616"]
[BlackFideId "605492"]
[EventDate "2011.05.26"]

1. c4 g6 2. g3 Bg7 3. Nc3 e5 4. Bg2 d6 5. e4 Be6 6. d3 Nc6 7. Nge2 h5 8. h4 Qd7
9. Nd5 Nce7 10. d4 Nc6 11. dxe5 dxe5 12. Qb3 b6 13. Qa4 Rc8 14. b3 Na5 15. Qxd7+
Bxd7 16. Bb2 Nh6 17. O-O c6 18. Ne3 Ng4 19. Nc2 Nb7 20. f3 Nh6 21. Rfd1 Nc5 22.
Nf4 O-O 23. Nd3 Nxd3 24. Rxd3 Be6 25. Rad1 Rfe8 26. Kh2 f5 27. Ne3 fxe4 28. fxe4
Ng4+ 29. Nxg4 hxg4 30. Bc1 1/2-1/2